| 000 | 01544nam a2200229Ia 4500 | ||
|---|---|---|---|
| 008 | 180910s9999 xx 000 0 und d | ||
| 100 | 1 | _aGhusayni, Raouf | |
| 245 | 1 | 2 | _aA Report of a Midterm Evaluation of the Scholarship Fund for Palestinian Refugees in Lebanon: Rewarding Academic Excellence |
| 260 |
_aLebanon _bLebanese Association for Educational Studies _c2012 |
||
| 300 | _a28 pages | ||
| 500 | _aالنوع : Report | ||
| 520 | 3 | _aThe program provides a numbers of students a full- tuition grant for a complete undergraduate course of study (for three to five years) at a university in Lebanon Chosen by the student. For an evaluation of the project, previous reports were reviewed, and meetings and interviews were held with the selection committee and senior staff of UNRWA, which administered the program. The report included observations and recommendation under the following headings: the selection process and committee, choice of university and field of study, gender distribution, administration of scholarships, public communication and visibility, employment prospects, alumni association and sustainability of the program. | |
| 650 | 4 | _a scholarships | |
| 650 | 4 | _a teaching refugees | |
| 650 | 4 | _a المنح التعليمية | |
| 650 | 4 | _a تعليم اللاجشين | |
| 650 | 4 | _aChances scolaires, bourses, enseignement des refugiés | |
| 650 | 4 | _aEducational opportunity | |
| 650 | 4 | _aالفرص الدراسية | |
| 856 |
_zLAES _uhttp://laes.org/_publications.php?lang=en&id=89 |
||
| 942 | _cLAESDATA | ||
| 999 |
_c20809 _d20809 |
||